| 000 | 00778cam a22002411 4500 | ||
|---|---|---|---|
| 001 | 34690 | ||
| 003 | BD-RjUL | ||
| 005 | 20211209052209.0 | ||
| 008 | 140518r19721965enk 000 0 eng d | ||
| 035 | _a(BD-RjUL)34784 | ||
| 035 | _a(OCoLC)256008 | ||
| 040 |
_aDLC _cODaWU _dOCoLC _dUk _dBD-RjUL _beng |
||
| 041 | _aeng | ||
| 082 |
_bBAH 1972 _a361.8 _223 |
||
| 100 | 1 |
_aBatten, T. R. _q(Thomas Reginald) _98801 |
|
| 245 | 1 | 4 |
_aThe human factor in community work / _c[by] T.R. Batten, with the collaboration of Madge Batten. |
| 260 |
_aLondon : _bOxford University Press, _c1965 [reprinted 1972]. |
||
| 300 |
_aviii, 184 p. ; _c23 cm. |
||
| 650 | 0 |
_aCommunity development. _9105548 |
|
| 700 | 1 |
_aBatten, Madge, _ejoint author. _9105549 |
|
| 942 |
_2ddc _cBK |
||
| 999 |
_c34690 _d34690 |
||